000
00320nam a2200133Ia 4500
008
160319s9999 xx 000 0 und d
245
_a
Weather & Climate /
260
_b
Discovery Communications LCC
260
_c
2005
300
_b
sound, color ;
300
_c
4 3/4 in.
650
_a
Climate.
650
_a
Weather.
999
_c
292526
_d
292526